| 000 | 01311nam a2200337 a 4500 | ||
|---|---|---|---|
| 001 | 000008969 | ||
| 003 | DO-SdBPM | ||
| 005 | 20260217100821.0 | ||
| 007 | ta | ||
| 008 | 090922s1989 dr r 000 p spa d | ||
| 040 |
_aDO-SdBPM _bspa _cBPMSU _drda |
||
| 082 | 4 |
_aRD861.08 _bR789c 1989 _222 |
|
| 100 | 1 |
_aRosario Candelier, Bruno, _d1941- _4aut. _eautor |
|
| 245 | 1 | 3 |
_aLa creación mitopoética : _bsímbolos y arquetipos en la lírica dominicana / _cBruno Rosario Candelier. |
| 264 |
_aSantiago de los Caballeros , República Dominicana : _bPUCMM, _c1989. |
||
| 300 |
_a252 páginas ; _c24 cm. |
||
| 336 |
_atexto _btxt _2rdacontent |
||
| 337 |
_asin mediación _bn _2rdamedia |
||
| 338 |
_avolumen _bnc _2rdacarrier |
||
| 490 | 0 |
_aPblicaciones de la Universidad Católica Madre y Maestra ; _aEstudios |
|
| 500 | _aIncluye datos biográficos del autor en la solapa de la cubierta | ||
| 504 | _aIncluye referencias bibliográficas y notas al pie de las páginas | ||
| 586 | _aPremio Siboney | ||
| 590 | _aInventariado, 2026/VM | ||
| 650 | 7 |
_aPoesía dominicana _ySiglo XX _xHistoria y crítica |
|
| 650 | 7 | _aLiteratura domicana | |
| 650 | 7 | _aMito en la literatura | |
| 710 | 2 | _aPontificia Universidad Católica Madre y Maestra | |
| 910 | _aVMateo V. Control de calidad BPMSU | ||
| 942 |
_2ddc _cBK |
||
| 999 |
_c15703 _d15703 |
||